000 00270nam a22001217a 4500
040 _cSY
082 _a406
100 _aនុត ចន្ថា
245 _aការរៀបចំសហគមន៍
260 _aRUA
_bនុត
_c2008
300 _a61p.
942 _cKB
999 _c9074
_d9074